000 00800nam a2200241Ia 4500
003 OSt
005 20260110110816.0
008 210210b xxu||||| |||| 00| 0 eng d
040 _cAL
041 _aKannada
082 _a853/238
100 _aPUTTAPPA (KV)
_996196
_d ಪುಟ್ಟಪ್ಪ (ಕೆ ವಿ).
245 _aMuru natakagalu
_bಮೂರು ನಾಟಕಗಳು
260 _aBengalru
_bBengaluru Printing and Publishing Company Limited
_c1931
650 _aMaharatri
_996314
650 _aKuvempu
_9205726
650 _aShmashana kurukshetram
_996315
650 _aಮಹಾರಾತ್ರಿ, ಶ್ಮಶಾನ ಕುರುಕ್ಷೇತ್ರಂ ಜಲಗಾರ
_9250963
650 _aJalagara
_996316
690 _aKannada Drama
_996197
906 _a019508
942 _2ddc
_cBK
999 _c143632
_d143632